[Event "Porto Carrras GRE, Open 2005"]
[Site "?"]
[Date "2005.04.27"]
[Round "8.2"]
[White "Postny Evgeny"]
[Black "Korneev Oleg"]
[Result "0-1"]
[WhiteElo "2556"]
[BlackElo "2611"]
[PlyCount "108"]
[EventDate "2005.??.??"]
[Source "www.chesslib.no"]
[SourceDate "2004.05.04"]

1. Nf3 d5 2. d4 Nf6 3. c4 dxc4 4. e3 g6 5. Bxc4 Bg7 6. O-O O-O 7. b4 Ne4 8. Bb2 Nd6 9. Be2 Be6 10. Nbd2 Bd5 11. Qc2 f5 12. b5 Nd7 13. a4 e6 14. Rfe1 g5 15. Bd3 g4 16. Ne5 Kh8 17. e4 fxe4 18. Nxe4 Nxe5 19. dxe5 Nxe4 20. Bxe4 c6 21. bxc6 bxc6 22. Bxh7 Rb8 23. Be4 Rb4 24. Bxd5 cxd5 25. Ba3 Rc4 26. Qg6 Qe8 27. Qxe8 Rxe8 28. a5 Bh6 29. Bc1 Kg7 30. Bxh6+ Kxh6 31. Reb1 Rec8 32. Kf1 Rc2 33. Re1 Kg5 34. Re2 Kf5 35. Rxc2 Rxc2 36. Ra4 a6 37. g3 Rc4 38. Ra2 Kxe5 39. Ke2 d4 40. Kd2 Ke4 41. Rb2 Ra4 42. Rb6 Ra2+ 43. Kc1 Rxa5 44. Rxe6+ Kd3 45. Rg6 Ra2 46. Rxg4 Kc3 47. Kb1 Rb2+ 48. Ka1 d3 49. Rg6 Rxf2 50. Rc6+ Kd4 51. Rd6+ Ke3 52. Re6+ Kf3 53. Kb1 Rf1+ 54. Kb2 d2 0-1

[Event "CRO-Cup"]
[Site "Rabac"]
[Date "2003.05.28"]
[Round "3"]
[White "Tkachiev, Vladislav"]
[Black "Bistric, Faruk"]
[Result "1-0"]
[WhiteElo "2643"]
[BlackElo "2509"]
[PlyCount "76"]
[EventDate "2003.05.26"]
[Source "Roberto Alvarez"]
[SourceDate "2003.06.03"]

1. d4 d5 2. Nf3 Nf6 3. c4 dxc4 4. e3 g6 5. Bxc4 Bg7 6. O-O O-O 7. b4 Nfd7 8. Bb2 e5 9. Nbd2 exd4 10. Bxd4 Bxd4 11. Nxd4 Qe7 12. Qb3 Ne5 13. Be2 Nbc6 14. Nxc6 Nxc6 15. b5 Nd4 16. exd4 Qxe2 17. Rad1 Re8 18. Nc4 Bf5 19. Ne3 Be6 20. d5 Bd7 21. a4 Rac8 22. Rc1 Re4 23. Rc2 Qh5 24. Rfc1 Qe5 25. h3 Kg7 26. Rc5 b6 27. R5c3 a6 28. bxa6 Rxa4 29. Ng4 Qd4 30. Rg3 Qb4 31. Qxb4 Rxb4 32. Ne5 Bf5 33. Ra3 Rb1 34. Rxb1 Bxb1 35. a7 Ra8 36. d6 b5 37. d7 Be4 38. Rc3 b4 1-0

[Event "TCh-AUT 1st Bundesliga 2007-8"]
[Site "Graz AUT"]
[Date "2008.03.15"]
[Round "10"]
[White "Siebrecht, S."]
[Black "Korneev, O."]
[Result "1/2-1/2"]
[WhiteElo "2487"]
[BlackElo "2645"]
[PlyCount "39"]
[EventDate "2008.03.14"]
[Source "www.chesslib.no"]
[SourceDate "2004.05.04"]

1. d4 d5 2. Nf3 Nf6 3. c4 dxc4 4. e3 g6 5. Bxc4 Bg7 6. O-O O-O 7. Nc3 Ne8 8. h3 Nd6 9. Bb3 b5 10. Re1 Bb7 11. Bc2 b4 12. Na4 Ne4 13. Nd2 Nd6 14. Nc5 Nd7 15. Nxb7 Nxb7 16. Be4 Rb8 17. Nb3 c5 18. Bxb7 Rxb7 19. dxc5 Rc7 20. a3 1/2-1/2

[Event "Capablanca mem Elite 33rd"]
[Site "Havana"]
[Date "1998.05.17"]
[Round "8"]
[White "Agdestein, Simen"]
[Black "Zilberman, Yaacov"]
[Result "0-1"]
[WhiteElo "2570"]
[BlackElo "2555"]
[PlyCount "84"]
[EventDate "1998.05.07"]
[Source "ChessBase"]
[SourceDate "1998.08.06"]

1. d4 d5 2. Nf3 Nf6 3. c4 dxc4 4. e3 g6 5. Bxc4 Bg7 6. O-O O-O 7. h3 Nfd7 8. a3 Nb6 9. Ba2 Na6 10. Nc3 c6 11. e4 Nc7 12. Bf4 Ne6 13. Be3 Nc7 14. Bf4 Ne6 15. Be3 Nc7 16. Qd2 Be6 17. b3 f5 18. Ng5 Kh8 19. Nxe6 Nxe6 20. d5 cxd5 21. exd5 Rc8 22. Rac1 f4 23. Bxb6 axb6 24. Nb5 Rxc1 25. Rxc1 f3 26. Rc4 fxg2 27. a4 Qd7 28. Kxg2 Be5 29. b4 Nf4+ 30. Rxf4 Rxf4 31. Qe3 Qf5 32. Bb1 Qg5+ 33. Kf1 Qf6 34. Be4 Kg7 35. Ke2 Rh4 36. Kd3 Bf4 37. Qf3 Qb2 38. Nd4 Rxh3 39. Ne6+ Kf6 40. Qxh3 Qb3+ 41. Ke2 Qxh3 42. Nxf4 Qb3 0-1

[Event "Jurmala"]
[Site "Jurmala"]
[Date "1987.??.??"]
[Round "?"]
[White "Razuvaev, Yuri S"]
[Black "Tal, Mihail"]
[Result "1/2-1/2"]
[WhiteElo "2490"]
[BlackElo "2625"]
[PlyCount "34"]
[EventDate "1987.09.??"]
[Source "ChessBase"]

1. d4 d5 2. Nf3 Nf6 3. c4 dxc4 4. e3 g6 5. Bxc4 Bg7 6. O-O O-O 7. Nc3 Nfd7 8. Ne4 Nb6 9. Bb3 Nc6 10. Bd2 a5 11. a3 e5 12. Bc3 exd4 13. Nxd4 Bd7 14. Nc5 Nxd4 15. Bxd4 Bc6 16. Qg4 Bxd4 17. exd4 Bd5 1/2-1/2

[Event "Dhaka"]
[Site "Dhaka BAN"]
[Date "1993.??.??"]
[Round "?"]
[White "Hodgson, Julian M"]
[Black "Barua, Dibyendu"]
[Result "1-0"]
[WhiteElo "2565"]
[BlackElo "2530"]
[PlyCount "115"]
[EventDate "1993.??.??"]
[Source "www.chesslib.no"]
[SourceDate "2004.05.04"]

1. d4 d5 2. c4 dxc4 3. Nf3 Nf6 4. e3 g6 5. Bxc4 Bg7 6. O-O O-O 7. Nc3 Nfd7 8. a3 Nb6 9. Ba2 Nc6 10. h3 e5 11. d5 Ne7 12. e4 Bd7 13. d6 cxd6 14. Qxd6 Bc6 15. Qb4 a5 16. Qb3 h6 17. Be3 Nbc8 18. Rfd1 Qe8 19. a4 b6 20. Nd2 Kh8 21. Rac1 Rb8 22. Nc4 f5 23. f3 g5 24. Nd6 Nxd6 25. Rxd6 Rb7 26. Rcd1 fxe4 27. fxe4 Kh7 28. Qc4 b5 29. axb5 Bxb5 30. Qc5 Qc8 31. Qxc8 Rxc8 32. Be6 Rcc7 33. Bb6 Rc6 34. Bxa5 Rxd6 35. Rxd6 Be8 36. b4 Nc6 37. Bd5 Nxa5 38. Bxb7 Nxb7 39. Rb6 Nd8 40. Rb8 Nc6 41. Rxe8 Nxb4 42. Nd5 Nd3 43. Ne3 Nc5 44. Nf5 Bf6 45. Nd6 h5 46. Kf2 Nd3+ 47. Ke2 Nf4+ 48. Kf3 Kg6 49. Rg8+ Kh7 50. Ra8 Bg7 51. Ra7 Kg8 52. Ra6 Bh8 53. Rb6 Bf6 54. Rb8+ Kg7 55. Re8 Ng6 56. Re6 Nh4+ 57. Kf2 Ng6 58. g3 1-0

[Event "Masters"]
[Site "Abu Dhabi"]
[Date "2004.08.15"]
[Round "2"]
[White "Kotsur, Pavel"]
[Black "Bistric, Faruk"]
[Result "1-0"]
[WhiteElo "2607"]
[BlackElo "2488"]
[PlyCount "113"]
[EventDate "2004.08.14"]
[Source "Roberto Alvarez"]
[SourceDate "2004.08.30"]

1. d4 d5 2. Nf3 Nf6 3. c4 dxc4 4. e3 g6 5. Bxc4 Bg7 6. O-O O-O 7. Nc3 c5 8. Re1 Bg4 9. d5 Nbd7 10. Be2 a6 11. e4 Bxf3 12. Bxf3 Ne8 13. Bf4 Ne5 14. Be2 Nd6 15. Bg3 c4 16. f4 Nd3 17. Bxd3 Qb6+ 18. Bf2 Bd4 19. Re2 cxd3 20. Qxd3 Bxf2+ 21. Rxf2 Rac8 22. Raf1 Nc4 23. Nd1 Rfd8 24. Kh1 e6 25. b3 Na3 26. Ne3 Nb5 27. Nc4 Qc5 28. Rd2 exd5 29. exd5 Nd6 30. Nxd6 Rxd6 31. f5 Re8 32. fxg6 hxg6 33. Qf3 Re7 34. h3 Qe3 35. Qd1 Re5 36. Qc2 Re7 37. Rfd1 Kg7 38. b4 Qg3 39. Re2 Rxe2 40. Qxe2 Qc3 41. Qe4 b5 42. Rd3 Qa1+ 43. Kh2 Qf6 44. Rf3 Qd8 45. Qd4+ Kg8 46. Rd3 Qe7 47. Rc3 Qd8 48. Rc5 Qd7 49. Qc3 Qe7 50. Rc8+ Rd8 51. Rxd8+ Qxd8 52. Qe5 Kf8 53. Qh8+ Ke7 54. Qxd8+ Kxd8 55. Kg3 Ke7 56. Kf4 Kd6 57. Ke4 1-0

[Event "HB Global Chess Challenge"]
[Site "?"]
[Date "2005.05.19"]
[Round "2.13"]
[White "Andrews Todd D"]
[Black "Adianto Utut"]
[Result "1/2-1/2"]
[WhiteElo "2404"]
[BlackElo "2688"]
[PlyCount "76"]
[EventDate "2005.??.??"]
[Source "www.chesslib.no"]
[SourceDate "2004.05.04"]

1. d4 d5 2. c4 dxc4 3. Nf3 Nf6 4. e3 g6 5. Bxc4 Bg7 6. O-O O-O 7. Nbd2 c5 8. dxc5 Qc7 9. Qc2 Na6 10. Bxa6 bxa6 11. b4 Bf5 12. Qb3 a5 13. a3 Be6 14. Qc2 axb4 15. axb4 Nd5 16. Ba3 Bxa1 17. Rxa1 Rab8 18. Rb1 Rfc8 19. Nd4 Bd7 20. Nc4 Bb5 21. Na5 e5 22. Nxb5 Rxb5 23. Qc4 Rcb8 24. Rb3 Ne7 25. h4 Nc6 26. Nxc6 Qxc6 27. Bb2 a5 28. Bxe5 Rxb4 29. Rxb4 Rxb4 30. Qd3 f6 31. Qd8+ Kf7 32. Bd6 Rb1+ 33. Kh2 Rb7 34. Qxa5 Qe4 35. Bg3 Qc6 36. Qc3 Kg7 37. Qd4 Rd7 38. Bd6 Ra7 1/2-1/2

[Event "Manila (ol)"]
[Site "?"]
[Date "1992.??.??"]
[Round "?"]
[White "Skembris, S."]
[Black "Barua, D."]
[Result "1/2-1/2"]
[WhiteElo "2530"]
[BlackElo "2555"]
[PlyCount "64"]
[EventDate "1992.??.??"]
[Source "ChessBase"]
[SourceDate "1992.06.01"]

1. d4 d5 2. Nf3 Nf6 3. c4 dxc4 4. e3 g6 5. Bxc4 Bg7 6. O-O O-O 7. Nc3 Nfd7 8. b3 c5 9. Bb2 Nc6 10. d5 Nce5 11. Nxe5 Nxe5 12. Be2 Qa5 13. f4 Ng4 14. Bxg4 Bxc3 15. Bxc8 Raxc8 16. Bxc3 Qxc3 17. Qe2 Rfd8 18. Rac1 Qf6 19. e4 b5 20. Qxb5 Qd4+ 21. Kh1 Qxe4 22. Rce1 Qb4 23. Qxb4 cxb4 24. Rxe7 Rxd5 25. h3 Rc2 26. f5 gxf5 27. Rxa7 Kg7 28. Re1 Kg6 29. Re8 Rd1+ 30. Kh2 Rdd2 31. Rg8+ Kf6 32. Rb7 Rxa2 1/2-1/2

[Event "Metz op 18th"]
[Site "Metz"]
[Date "2000.04.21"]
[Round "7"]
[White "Eingorn, Vereslav S"]
[Black "Sulava, Nenad"]
[Result "0-1"]
[WhiteElo "2597"]
[BlackElo "2486"]
[PlyCount "176"]
[EventDate "2000.04.15"]
[Source "ChessBase"]
[SourceDate "2000.05.11"]

1. Nf3 d5 2. d4 Nf6 3. c4 dxc4 4. e3 g6 5. Bxc4 Bg7 6. Nc3 O-O 7. O-O Ne8 8. Qe2 Nd6 9. Bb3 b5 10. Rd1 a5 11. a3 Ba6 12. Qc2 Bb7 13. Bd5 c6 14. Ba2 Bc8 15. h3 Na6 16. e4 b4 17. Na4 Nb5 18. Bc4 Qc7 19. Bxb5 cxb5 20. Qxc7 Nxc7 21. Nb6 Ra6 22. Nxc8 Rxc8 23. axb4 axb4 24. Rxa6 Nxa6 25. Bd2 f5 26. exf5 gxf5 27. Re1 Kf7 28. Ng5+ Ke8 29. Ne6 Bf6 30. Ra1 Nc7 31. Rc1 Kd7 32. Nc5+ Ke8 33. Nb3 Kd7 34. Bxb4 Ne6 35. Bc3 Kd6 36. Ra1 Kd5 37. Ra5 Rb8 38. Ra7 b4 39. Bd2 Nxd4 40. Rd7+ Kc4 41. Nxd4 Bxd4 42. b3+ Kd3 43. Bf4 Rb5 44. Rxe7 Kc2 45. Rxh7 Kxb3 46. Bd6 Kc3 47. Bxb4+ Rxb4 48. g4 f4 49. Rf7 Be5 50. Kg2 Kd4 51. h4 Ke4 52. f3+ Kd5 53. h5 Rb2+ 54. Kf1 Rb1+ 55. Ke2 Rb2+ 56. Kf1 Ke6 57. Rf5 Rb1+ 58. Ke2 Rb2+ 59. Kf1 Rh2 60. Kg1 Rh3 61. Kg2 Rg3+ 62. Kf2 Bd4+ 63. Ke2 Rg2+ 64. Kd3 Be5 65. Rf8 Rf2 66. Re8+ Kd5 67. Rd8+ Bd6 68. g5 Rxf3+ 69. Ke2 Re3+ 70. Kf2 Ke6 71. g6 Rg3 72. Ke2 Be5 73. Rf8 Bf6 74. Ra8 Re3+ 75. Kf1 Rh3 76. Re8+ Kf5 77. Rf8 Rg3 78. Rf7 Rg5 79. Rf8 Ke6 80. Kf2 Rg3 81. Rf7 Bd4+ 82. Ke2 Be5 83. Kf2 Kd5 84. Rf8 Ke4 85. Re8 Rg5 86. Kf1 Kf3 87. h6 Bd4 88. Ke1 Rxg6 0-1

[Event "Petroff mem op"]
[Site "St Petersburg"]
[Date "2000.02.12"]
[Round "5"]
[White "Zakharevich, Igor"]
[Black "Najer, Evgeniy"]
[Result "1/2-1/2"]
[WhiteElo "2486"]
[BlackElo "2572"]
[PlyCount "51"]
[EventDate "2000.02.05"]
[Source "www.chesslib.no"]
[SourceDate "2004.05.04"]

1. d4 d5 2. Nf3 Nf6 3. c4 dxc4 4. e3 g6 5. Bxc4 Bg7 6. O-O O-O 7. Nc3 Ne8 8. h3 Nd6 9. Bb3 b5 10. a3 Bb7 11. Re1 a5 12. Bc2 Bxf3 13. Qxf3 Nd7 14. Qc6 Rb8 15. Rd1 e6 16. Ne4 Rb6 17. Qc3 a4 18. Qd3 Nxe4 19. Qxe4 Qa8 20. Bd2 c5 21. Rac1 Qxe4 22. Bxe4 c4 23. Ba5 Ra6 24. Bb4 Rb8 25. Bf3 f5 26. g4 1/2-1/2

[Event "It (Open) Las Palmas ESP"]
[Site "?"]
[Date "2005.11.29"]
[Round "6.2"]
[White "Kurajica Bojan"]
[Black "Lopez Martinez Josep Manuel"]
[Result "1-0"]
[WhiteElo "2532"]
[BlackElo "2507"]
[PlyCount "65"]
[EventDate "2005.??.??"]
[Source "www.chesslib.no"]
[SourceDate "2004.05.04"]

1. d4 d5 2. Nf3 Nf6 3. c4 dxc4 4. e3 g6 5. Bxc4 Bg7 6. b4 O-O 7. O-O Ne4 8. Bb2 Bg4 9. h3 Bxf3 10. Qxf3 Nd6 11. Na3 Nd7 12. Rfd1 e5 13. Rac1 Qe7 14. Bb3 Rac8 15. b5 exd4 16. exd4 Nb6 17. Nc2 Qf6 18. Qd3 Rfd8 19. Ne3 c6 20. bxc6 bxc6 21. Ng4 Qe7 22. Re1 Qb7 23. Ne5 Rc7 24. Qf3 Rdc8 25. Ba3 Nf5 26. Bc5 Rd8 27. g4 Bxe5 28. Rxe5 Ng7 29. Qf6 Rdd7 30. Rce1 Rc8 31. d5 Nxd5 32. Bxd5 cxd5 33. Bd4 1-0

[Event "URS-FL"]
[Site "Sverdlovsk"]
[Date "1987.??.??"]
[Round "?"]
[White "Gelfand, Boris"]
[Black "Balashov, Yuri S"]
[Result "1-0"]
[WhiteElo "2510"]
[BlackElo "2525"]
[PlyCount "65"]
[EventDate "1987.11.??"]
[Source "www.chesslib.no"]
[SourceDate "2004.05.04"]

1. d4 d5 2. Nf3 Nf6 3. c4 dxc4 4. e3 g6 5. Bxc4 Bg7 6. O-O O-O 7. Qe2 c5 8. dxc5 Nc6 9. Nc3 Qa5 10. Bd2 Qxc5 11. h3 Ne5 12. Bb3 Rd8 13. Nd4 Bd7 14. Rfd1 Rac8 15. Na4 Bxa4 16. Bxa4 Ne4 17. Be1 a6 18. Bc2 Nd6 19. Rac1 Qb6 20. Bb3 Ne4 21. Rxc8 Rxc8 22. Bc2 Nd6 23. Bb1 Nec4 24. Bc3 Nb5 25. Nxb5 Qxb5 26. Bxg7 Kxg7 27. Bd3 Qb4 28. Qg4 Qc5 29. Rc1 h6 30. b3 Rd8 31. Bxc4 Rd2 32. Qf4 e6 33. e4 1-0

[Event "CRO-Cup"]
[Site "Rabac"]
[Date "2003.05.30"]
[Round "5"]
[White "Cebalo, Miso"]
[Black "Bistric, Faruk"]
[Result "0-1"]
[WhiteElo "2524"]
[BlackElo "2509"]
[PlyCount "72"]
[EventDate "2003.05.26"]
[Source "Roberto Alvarez"]
[SourceDate "2003.06.03"]

1. d4 d5 2. c4 dxc4 3. Nf3 Nf6 4. e3 g6 5. Bxc4 Bg7 6. O-O O-O 7. Nc3 c5 8. h3 Nbd7 9. Qe2 cxd4 10. exd4 Nb6 11. Bb3 Nbd5 12. Re1 Re8 13. Bd2 b6 14. Ne5 Bb7 15. Ba4 Rf8 16. Nc6 Bxc6 17. Bxc6 Rc8 18. Ba4 e6 19. Rac1 Ne7 20. Qa6 Nf5 21. Qxa7 Qxd4 22. Red1 Ra8 23. Qb7 Rxa4 24. Be1 Qf4 25. g3 Qb4 26. a3 Qb3 27. Nxa4 Qxa4 28. Bb4 Qa8 29. Qxb6 Nd5 30. Rxd5 Qxd5 31. Bxf8 Nxg3 32. Kh2 Be5 33. Bh6 Nf5+ 34. Kg1 Nxh6 35. b4 Nf5 36. Qc6 Qd3 0-1

[Event "VIII Open"]
[Site "Tarragona SPA"]
[Date "2007.08.21"]
[Round "4"]
[White "Brynell, S."]
[Black "Kogan, Ar"]
[Result "1/2-1/2"]
[WhiteElo "2459"]
[BlackElo "2569"]
[PlyCount "34"]
[EventDate "2007.08.18"]
[Source "www.chesslib.no"]
[SourceDate "2004.05.04"]

1. d4 d5 2. c4 dxc4 3. Nf3 Nf6 4. e3 g6 5. Bxc4 Bg7 6. O-O O-O 7. Nc3 Nc6 8. e4 Bg4 9. d5 Na5 10. Be2 Nd7 11. Bg5 Bxf3 12. Bxf3 h6 13. Bh4 Nc4 14. Qc2 Nde5 15. Be2 g5 16. Bxc4 gxh4 17. Be2 c6 1/2-1/2

[Event "RUS-Cup2"]
[Site "Moscow"]
[Date "1996.??.??"]
[Round "8"]
[White "Kharitonov, Andrei Y"]
[Black "Najer, Evgeniy"]
[Result "1-0"]
[WhiteElo "2540"]
[BlackElo "2480"]
[PlyCount "69"]
[EventDate "1996.11.28"]
[Source "www.chesslib.no"]
[SourceDate "2004.05.04"]

1. d4 d5 2. Nf3 Nf6 3. c4 dxc4 4. e3 g6 5. Bxc4 Bg7 6. O-O O-O 7. Nc3 c5 8. dxc5 Qc7 9. b4 Nc6 10. Rb1 a5 11. a3 axb4 12. axb4 Bg4 13. h3 Rad8 14. Qe2 Bh5 15. Nb5 Qc8 16. Bb2 Ne4 17. Bxg7 Nd2 18. Nd6 Rxd6 19. cxd6 Nxf3+ 20. gxf3 Qxh3 21. Bd5 Kxg7 22. Qb2+ f6 23. f4 Bf3 24. Bxf3 Qxf3 25. Rfd1 e5 26. b5 Nd8 27. fxe5 Ne6 28. d7 Qg4+ 29. Kf1 Qh3+ 30. Ke1 Qh1+ 31. Kd2 Qd5+ 32. Ke2 Qc4+ 33. Ke1 Ng5 34. exf6+ Kh6 35. f4 1-0

[Event "Tallinn Keres Mem fn"]
[Site "?"]
[Date "2005.01.09"]
[Round "4"]
[White "Malaniuk Vladimir P"]
[Black "Dobrov Vladimir"]
[Result "1-0"]
[WhiteElo "2513"]
[BlackElo "2487"]
[PlyCount "121"]
[EventDate "2005.??.??"]
[Source "www.chesslib.no"]
[SourceDate "2004.05.04"]

1. d4 d5 2. c4 dxc4 3. Nf3 Nf6 4. e3 g6 5. Bxc4 Bg7 6. O-O O-O 7. Nc3 Ne8 8. Qe2 Nd6 9. Bb3 b6 10. Rd1 Ba6 11. Qe1 Nd7 12. e4 Bb7 13. Bf4 e6 14. Qe3 Nf6 15. Bg5 h6 16. Bxf6 Bxf6 17. d5 exd5 18. Nxd5 Bxb2 19. Rab1 Bg7 20. e5 Nf5 21. Qf4 Qc8 22. g4 Bxd5 23. Bxd5 Ne7 24. Bxa8 Qxa8 25. Rd7 Nd5 26. Qe4 c6 27. Rc1 Re8 28. Qa4 Re7 29. Rxe7 Nxe7 30. e6 fxe6 31. Qe4 Kf7 32. Qf4+ Kg8 33. Qe4 Kf7 34. Re1 Qc8 35. Qf4+ Kg8 36. Qd6 Kf7 37. Qf4+ Kg8 38. Ne5 Qe8 39. Qe4 b5 40. Nd3 Qd7 41. Nc5 Qd5 42. Qxd5 cxd5 43. Rxe6 Kf7 44. Rd6 Bd4 45. Nd3 Bb6 46. Kf1 Ke8 47. f4 Bc7 48. Rf6 a5 49. Ke2 d4 50. Kf3 Nd5 51. Rxg6 Nc3 52. a3 Nb1 53. Rxh6 Nxa3 54. Rh8+ Kd7 55. g5 Bd8 56. g6 Bf6 57. g7 Bxg7 58. Rh7 Kd6 59. Rxg7 Nc4 60. h4 b4 61. h5 1-0

[Event "RUS-Cup01 Chigorin mem"]
[Site "?"]
[Date "1997.??.??"]
[Round "5"]
[White "Neverov, Valeriy"]
[Black "Karpeshov, O."]
[Result "1-0"]
[WhiteElo "2560"]
[BlackElo "2430"]
[PlyCount "35"]
[EventDate "1997.??.??"]
[Source "www.chesslib.no"]
[SourceDate "2004.05.04"]

1. d4 d5 2. c4 dxc4 3. Nf3 Nf6 4. e3 g6 5. Bxc4 Bg7 6. b4 O-O 7. Nbd2 Nfd7 8. O-O e5 9. Ba3 exd4 10. b5 Re8 11. Qb3 Qf6 12. exd4 a6 13. Rfe1 Rxe1+ 14. Rxe1 axb5 15. Re8+ Nf8 16. Ne4 Qf4 17. Bxf7+ Qxf7 18. Nf6+ 1-0

[Event "It"]
[Site "Leipzig GER"]
[Date "1973.??.??"]
[Round "7"]
[White "Gayster"]
[Black "Radke, Thomas"]
[Result "0-1"]
[WhiteElo "2470"]
[BlackElo "2520"]
[PlyCount "92"]
[EventDate "1973.??.??"]
[Source "www.chesslib.no"]
[SourceDate "2004.05.04"]

1. d4 d5 2. c4 dxc4 3. Nf3 Nf6 4. e3 g6 5. Bxc4 Bg7 6. Ne5 O-O 7. O-O c5 8. Nc3 cxd4 9. exd4 Nc6 10. Nxc6 bxc6 11. Be3 Ne8 12. Qf3 Nd6 13. Bb3 Bb7 14. Rad1 e6 15. Qh3 Qa5 16. Rfe1 Rad8 17. Bh6 Bxh6 18. Qxh6 Nf5 19. Qg5 c5 20. dxc5 Rxd1 21. Rxd1 Qxc5 22. Ne2 Qe5 23. Nd4 h6 24. Qg4 Nxd4 25. Qxd4 Qg5 26. g3 Qf5 27. Qe3 Rc8 28. f4 Qb5 29. g4 a5 30. Rd6 a4 31. Bxe6 Qxb2 32. Rd2 Qc1+ 33. Kf2 Rc2 34. Rxc2 Qxc2+ 35. Ke1 Qb1+ 36. Kf2 Qb2+ 37. Ke1 fxe6 38. Qxe6+ Kf8 39. Qd6+ Kg7 40. Qd7+ Kh8 41. Qxa4 Qc3+ 42. Ke2 Bf3+ 43. Kf2 Bxg4 44. Qe8+ Kh7 45. Qe7+ Qg7 46. Qb4 Qa7+ 0-1

[Event "YUG team ch."]
[Site "?"]
[Date "2002.??.??"]
[Round "?"]
[White "Paunovic Dragan"]
[Black "Djuric Stefan"]
[Result "0-1"]
[WhiteElo "2510"]
[BlackElo "2480"]
[PlyCount "52"]
[EventDate "2002.??.??"]
[Source "www.chesslib.no"]
[SourceDate "2004.05.04"]

1. Nf3 d5 2. d4 Nf6 3. c4 dxc4 4. e3 g6 5. Bxc4 Bg7 6. Qa4+ c6 7. Qb3 O-O 8. O-O c5 9. d5 Nbd7 10. Nc3 Ne8 11. e4 Nd6 12. Re1 b5 13. Bf1 Ne5 14. Nxe5 Bxe5 15. Be3 c4 16. Qc2 b4 17. Ne2 b3 18. axb3 cxb3 19. Qxb3 Nxe4 20. Bd4 Bf6 21. Rad1 Ba6 22. Qe3 Bxe2 23. Rxe2 Nd6 24. Bxf6 exf6 25. Rc2 Re8 26. Qc1 Qd7 0-1

[Event "Albena"]
[Site "Albena"]
[Date "1983.??.??"]
[Round "?"]
[White "Farago, Ivan"]
[Black "Radulov, Ivan"]
[Result "1/2-1/2"]
[WhiteElo "2495"]
[BlackElo "2490"]
[PlyCount "40"]
[EventDate "1983.??.??"]
[Source "ChessBase"]

1. d4 d5 2. c4 dxc4 3. Nf3 Nf6 4. e3 g6 5. Bxc4 Bg7 6. O-O O-O 7. Nc3 Nfd7 8. h3 Nb6 9. Bb3 Nc6 10. a3 e5 11. d5 Na5 12. Bc2 c6 13. e4 cxd5 14. exd5 Nac4 15. a4 Nd6 16. Ra2 Bf5 17. Bxf5 Nxf5 18. a5 Nc4 19. Qa4 Rc8 20. a6 bxa6 1/2-1/2

[Event "Karl Wagner mem5"]
[Site "Graz"]
[Date "1998.09.07"]
[Round "3.7"]
[White "Burmakin, Vladimir"]
[Black "Gorbatow, Alexej"]
[Result "1-0"]
[WhiteElo "2560"]
[BlackElo "2420"]
[PlyCount "127"]
[EventDate "1998.09.??"]
[Source "www.chesslib.no"]
[SourceDate "2004.05.04"]

1. d4 d5 2. Nf3 Nf6 3. c4 dxc4 4. e3 g6 5. Bxc4 Bg7 6. Qa4+ c6 7. Qb3 O-O 8. O-O b5 9. Bd3 Nfd7 10. Rd1 Qc7 11. Qc2 Na6 12. Bd2 e5 13. a4 exd4 14. Nxd4 bxa4 15. Nxc6 Nb6 16. Rc1 Re8 17. Na3 Bf8 18. Nb5 Qd7 19. Nbd4 Bb7 20. Bb5 Rec8 21. Qd1 Qd5 22. Qf3 Qxf3 23. gxf3 Rc7 24. Na5 Bc8 25. Rxc7 Nxc7 26. Bxa4 Nxa4 27. Rxa4 Bh3 28. Nac6 a6 29. Bb4 Bxb4 30. Rxb4 Nb5 31. f4 Nxd4 32. Rxd4 Kf8 33. f3 Rc8 34. Rd8+ Rxd8 35. Nxd8 Ke7 36. Nb7 Bc8 37. Nc5 Kd6 38. Ne4+ Kd5 39. Kf2 f5 40. Nd2 Bd7 41. Ke2 Bb5+ 42. Kd1 Bd3 43. Nb3 Kc4 44. Nd4 Kd5 45. Kd2 Bf1 46. Kc3 Bh3 47. Nc2 a5 48. Nd4 h6 49. Kd3 Bf1+ 50. Kd2 Bh3 51. Kd3 Bf1+ 52. Kc3 Bh3 53. Kb3 g5 54. fxg5 hxg5 55. Nb5 Ke5 56. Nd4 Bf1 57. Kc3 Kd5 58. Nb3 a4 59. e4+ Ke5 60. Nc5 Bb5 61. Nd3+ Kd6 62. Kd4 Ke6 63. f4 gxf4 64. Nxf4+ 1-0

[Event "ARG-ch Najdorf mem"]
[Site "Buenos Aires"]
[Date "1999.12.03"]
[Round "12"]
[White "Slipak, Sergio"]
[Black "Soppe, Guillermo"]
[Result "1/2-1/2"]
[WhiteElo "2521"]
[BlackElo "2448"]
[PlyCount "41"]
[EventDate "1999.11.19"]
[Source "ChessBase"]
[SourceDate "2000.02.01"]

1. d4 d5 2. c4 dxc4 3. Nf3 Nf6 4. e3 g6 5. Bxc4 Bg7 6. O-O O-O 7. Nc3 Nfd7 8. e4 Nb6 9. Be2 Bg4 10. Be3 Nc6 11. d5 Bxf3 12. Bxf3 Ne5 13. Be2 Nec4 14. Bc1 c6 15. Bxc4 Nxc4 16. Qe2 cxd5 17. Nxd5 Nb6 18. Rd1 Nxd5 19. Rxd5 Qc7 20. Bg5 e6 21. Rd2 1/2-1/2

[Event "7th Amplico AIG Life"]
[Site "Warsaw POL"]
[Date "2007.12.16"]
[Round "10"]
[White "Czerwonski, A."]
[Black "Kogan, Ar"]
[Result "0-1"]
[WhiteElo "2379"]
[BlackElo "2590"]
[PlyCount "62"]
[EventDate "2007.12.15"]
[Source "www.chesslib.no"]
[SourceDate "2004.05.04"]

1. d4 d5 2. c4 dxc4 3. Nf3 Nf6 4. e3 g6 5. Bxc4 Bg7 6. O-O O-O 7. Nc3 Nc6 8. h3 Bf5 9. Re1 Ne4 10. Nxe4 Bxe4 11. Bd2 e5 12. Bc3 exd4 13. Nxd4 Nxd4 14. Bxd4 Bxd4 15. Qxd4 Qxd4 16. exd4 Rfe8 17. Re3 Kf8 18. Rae1 Bc6 19. d5 Bd7 20. f4 h5 21. Kf2 h4 22. Rxe8+ Rxe8 23. Rxe8+ Kxe8 24. b4 Ke7 25. Ke3 Kd6 26. Kd4 Bf5 27. a3 Bb1 28. Bb3 f5 29. Bd1 Be4 30. Bf3 Bxf3 31. gxf3 b5 0-1

[Event "Once-Ruta de Europa op-1"]
[Site "Subijana de Alava"]
[Date "2001.04.26"]
[Round "4"]
[White "Paunovic, Dragan"]
[Black "Del Rio Angelis, Salvador G"]
[Result "1-0"]
[WhiteElo "2467"]
[BlackElo "2482"]
[PlyCount "131"]
[EventDate "2001.04.23"]
[Source "www.chesslib.no"]
[SourceDate "2004.05.04"]

1. Nf3 d5 2. d4 Nf6 3. c4 dxc4 4. e3 g6 5. Bxc4 Bg7 6. Qa4+ c6 7. Qb3 O-O 8. O-O Ne4 9. Nc3 Nd6 10. Be2 Nd7 11. Rd1 c5 12. Qa3 cxd4 13. Nxd4 Nf6 14. h3 Qb6 15. Na4 Qd8 16. Bd2 Nfe4 17. Be1 Bd7 18. Nc3 Ng5 19. Nd5 Ne6 20. Bc3 Rc8 21. Nxe6 Bxe6 22. Bxg7 Kxg7 23. Qxa7 Bxd5 24. Rxd5 Qc7 25. Qd4+ Kg8 26. Rd1 Ra8 27. a3 Qc2 28. Qd2 Qb3 29. Rd4 Rfc8 30. Rb4 Qc2 31. Qxc2 Rxc2 32. Bd3 Rc5 33. Kf1 Kf8 34. Be4 Nxe4 35. Rxe4 Ke8 36. Rb4 b5 37. Ke2 h5 38. Rbd4 f6 39. Rd5 Rac8 40. Rxc5 Rxc5 41. h4 g5 42. b4 Re5 43. Rd4 gxh4 44. Rxh4 Rg5 45. g3 Kd7 46. Rd4+ Kc6 47. Kd3 Rg8 48. Kc3 e5 49. Rd2 Rh8 50. Kb3 h4 51. gxh4 Rxh4 52. a4 bxa4+ 53. Kxa4 f5 54. Ka5 f4 55. b5+ Kb7 56. b6 fxe3 57. fxe3 Rh1 58. Rd7+ Kb8 59. Re7 Ra1+ 60. Kb5 Rb1+ 61. Kc6 Rc1+ 62. Kd5 Rb1 63. b7 Rb3 64. e4 Rb5+ 65. Ke6 Ka7 66. Kf6 1-0

[Event "Vung Tau zt 3.2a"]
[Site "Vung Tau"]
[Date "2000.05.21"]
[Round "1"]
[White "Roca, Petronio"]
[Black "Adianto, Utut"]
[Result "0-1"]
[WhiteElo "2362"]
[BlackElo "2584"]
[PlyCount "88"]
[EventDate "2000.05.21"]
[Source "ChessBase"]
[SourceDate "2000.07.11"]

1. d4 d5 2. Nf3 Nf6 3. c4 dxc4 4. e3 g6 5. Bxc4 Bg7 6. O-O O-O 7. Nc3 c5 8. Qe2 Nc6 9. Rd1 Bg4 10. h3 Bxf3 11. Qxf3 Rc8 12. d5 Ne5 13. Qe2 Nxc4 14. Qxc4 a6 15. a4 Nd7 16. Qb3 c4 17. Qb4 Be5 18. Ne4 f5 19. Ng5 Nc5 20. f4 Bf6 21. Qxc4 Qd6 22. Bd2 Bxg5 23. fxg5 Ne4 24. Qb3 Nxg5 25. Be1 Rfd8 26. Bh4 Ne4 27. Rd4 Rd7 28. Rad1 Kg7 29. Rb4 Qe5 30. Rxb7 Rxb7 31. Qxb7 Rc7 32. Qb4 Kf7 33. Qb3 Nd6 34. Be1 Rc4 35. Bb4 Qe4 36. Be1 Rxa4 37. Bg3 Rb4 38. Qc3 Rc4 39. Qd3 Rc1 40. Kh2 Rxd1 41. Qxd1 Nc4 42. d6 Nxe3 43. Qb3+ Kg7 44. Qc3+ Kh6 0-1